[Event "Challenge"]
[Site "http://www.queenalice.com/game.php?id=1063430"]
[Date "2012.5.24"]
[Round "-"]
[White "pedroingles"]
[Black "Kveirov"]
[Result "0-1"]
[WhiteElo "1802"]
[BlackElo "1802"]

1. d4 Nf6 2. c4 g6 3. Nf3 Bg7 4. e3 O-O 5. Be2 d6 6. O-O Nc6 7. Nc3 Bf5 8. b3 e5
9. dxe5 dxe5 10. Bb2 Ne4 11. Nxe4 Bxe4 12. Ne1 Ne7 13. Bd3 Bxd3 14. Nxd3 e4 15.
Bxg7 Kxg7 16. Nb4 c5 17. Nd5 Nxd5 18. Qxd5 Qxd5 19. cxd5 Rfd8 20. Rfd1 Rd6 21.
Rd2 Kf6 22. Rad1 Rad8 23. Kf1 g5 24. Ke2 Ke7 25. f3 f5 26. g3 h5 27. h3 Kf6 28.
Kf2 Ke5 29. f4+ gxf4 30. gxf4+ Kf6 31. Kg3 b5 32. a3 a5 33. Kh4 Kg6 34. Rg1+ Kf6
35. Rgd1 Kg6 36. Rg2+ Kf6 37. Rgd2 a4 38. bxa4 bxa4 39. Kg3 Rb8 40. Kf2 Rb3 41.
Ra1 Rd3 42. Raa2 R6xd5 43. h4 Rxd2+ 0-1

[Event "Challenge"]
[Site "http://www.queenalice.com/game.php?id=1063431"]
[Date "2012.5.24"]
[Round "-"]
[White "Kveirov"]
[Black "pedroingles"]
[Result "1-0"]
[WhiteElo "1805"]
[BlackElo "1786"]

1. e4 e5 2. Nf3 Nf6 3. Nxe5 d6 4. Nf3 Nxe4 5. Qe2 Be7 6. Qxe4 O-O 7. Bd3 g6 8.
O-O Bf5 9. Qc4 Bxd3 10. Qxd3 Bf6 11. Qb3 b6 12. d4 c5 13. dxc5 dxc5 14. Be3 Nd7
15. Nbd2 Bg7 16. c3 Nf6 17. Rad1 Qc7 18. Rfe1 Ng4 19. g3 Nxe3 20. Rxe3 Rad8 21.
Rde1 Qc6 22. Re7 Rd7 23. Qc4 Qd6 24. Rxd7 Qxd7 25. Ne4 Qc6 26. Nh4 Re8 27. f3
Kf8 28. Kf2 Qc8 29. g4 Qc7 30. Kg1 Bf6 31. Ng2 Qd8 32. Qb5 Be7 33. Kf2 Qb8 34.
f4 Qc8 35. h3 Qd8 36. g5 Qc8 37. Kg3 Qa8 38. Qd7 Rd8 39. Qb5 Qb8 40. Qe2 Re8 41.
Qg4 Bd6 42. h4 Kg7 43. Nxd6 Rxe1 44. Nxe1 Qxd6 45. Qe2 Qd7 46. Nf3 Qf5 47. b4
Qd5 48. a4 Qb3 49. bxc5 bxc5 50. Qe5+ Kg8 51. Qxc5 Qxa4 52. f5 gxf5 53. Qxf5 Qe8
54. c4 Qe6 55. Qxe6 fxe6 56. Kf4 Kf7 57. Ne5+ Ke8 58. Nc6 a6 59. Ke5 Kf7 60. h5
1-0

[Event "Challenge"]
[Site "http://www.queenalice.com/game.php?id=1065538"]
[Date "2012.5.29"]
[Round "-"]
[White "Kveirov"]
[Black "plot24"]
[Result "0-1"]
[WhiteElo "1820"]
[BlackElo "1785"]

1. e4 e5 2. Nf3 Nc6 3. Nc3 Nf6 4. Bc4 Be7 5. d3 O-O 6. O-O d6 7. h3 a6 8. Bg5 h6
9. Bh4 Qd7 10. Qd2 b5 11. Bb3 Bb7 12. Nd5 Nxd5 13. Bxd5 Rfb8 14. Bxe7 Qxe7 15.
Qc3 b4 16. Qd2 Na7 17. Bxb7 Rxb7 18. Rfe1 c5 19. c3 bxc3 20. bxc3 Rab8 21. d4
Rb2 22. Qd3 cxd4 23. cxd4 exd4 24. Nxd4 Nb5 25. Nc6 Qh4 26. Qe3 Re8 27. Kh2 Qxf2
28. Qxf2 Rxf2 29. Kg3 Rf6 30. Nb4 a5 31. Nd5 Rg6+ 32. Kf3 Nd4+ 33. Kf4 Rxg2 34.
Red1 g5+ 35. Ke3 Nc2+ 36. Kf3 Rh2 37. Rac1 Re6 38. Kg3 Re2 39. Nc3 Re3+ 40. Kg4
Rxc3 41. Rd2 Ne3+ 42. Kf3 Rxc1 43. Kxe3 Re1+ 44. Kf3 R1xe4 45. Rd5 R4e5 46. Rd4
f5 47. a4 h5 48. h4 Re4 49. Rd5 g4+ 50. Kg2 R4e5 51. Rd4 d5 52. Kg3 Kf7 53. Kf4
Kf6 54. Kg3 Re3+ 55. Kf4 R6e4+ 56. Rxe4 Rxe4+ 57. Kg3 d4 0-1

[Event "Let's Play Chess!"]
[Site "http://www.queenalice.com/game.php?id=1066674"]
[Date "2012.6.1"]
[Round "-"]
[White "goreb83"]
[Black "Kveirov"]
[Result "1-0"]
[WhiteElo "1974"]
[BlackElo "1811"]

1. d4 Nf6 2. c4 g6 3. Nc3 Bg7 4. Nf3 d6 5. e4 O-O 6. Bd3 c5 7. d5 e6 8. Bg5 exd5
9. exd5 Bg4 10. O-O Nbd7 11. h3 Bxf3 12. Qxf3 Ne5 13. Qd1 Re8 14. Re1 Qd7 15. f4
Nxd3 16. Qxd3 a6 17. Rab1 Rab8 18. a4 Nh5 19. g4 Bd4+ 20. Kg2 f6 21. Bh6 Ng7 22.
Ne4 b5 23. axb5 axb5 24. Qxd4 cxd4 25. Nxf6+ Kf7 26. Nxd7 Rb7 27. Bxg7 Rxe1 28.
Rxe1 Kxg7 29. Re7+ Kg8 30. Nf6+ 1-0

[Event "Challenge"]
[Site "http://www.queenalice.com/game.php?id=1066803"]
[Date "2012.6.1"]
[Round "-"]
[White "Kveirov"]
[Black "betofortaleza"]
[Result "0-1"]
[WhiteElo "1818"]
[BlackElo "1900"]

1. e4 e5 2. Nf3 Nc6 3. Bc4 d6 4. Nc3 Nf6 5. d3 h6 6. Be3 Bg4 7. h3 Bd7 8. Qd2 a6
9. g4 Qc8 10. O-O-O Be6 11. Bxe6 Qxe6 12. d4 d5 13. exd5 Nxd5 14. dxe5 Bb4 15.
Bd4 O-O-O 16. Qd3 Nxd4 17. Nxd4 Qxe5 18. Nxd5 Rxd5 19. Qf5+ Kb8 20. Qxe5 Rxe5
21. f4 Re4 22. f5 g5 23. c3 Bc5 24. b4 Bxd4 25. cxd4 Rd8 26. Kc2 Rdxd4 27. Rxd4
Rxd4 28. Kc3 Rf4 29. a4 c6 30. Kb2 Rxb4+ 31. Ka3 Rf4 32. a5 Kc7 33. Kb2 Ra4 34.
Re1 Kd6 35. f6 Rxa5 36. Re7 Rb5+ 37. Kc3 c5 38. Rxf7 Ke6 39. Rh7 Kxf6 40. Rxh6+
Ke5 41. Kc4 b6 42. Rg6 Rb4+ 43. Kd3 Kf4 44. Rh6 c4+ 45. Kc3 a5 46. Rh7 Kg3 47.
h4 Kxg4 48. h5 b5 49. h6 Rb3+ 50. Kd4 Kh5 51. Rh8 Kg6 52. h7 Kg7 53. Rg8+ Kxh7
54. Rxg5 c3 55. Kd3 a4 56. Kc2 b4 57. Rg3 Rb2+ 58. Kd3 a3 59. Kc4 a2 60. Rg1 Rb1
0-1

[Event "OS INCLIVEIS"]
[Site "http://www.queenalice.com/game.php?id=1077850"]
[Date "2012.6.30"]
[Round "-"]
[White "adelio"]
[Black "Kveirov"]
[Result "0-1"]
[WhiteElo "1717"]
[BlackElo "1804"]

1. d4 Nf6 2. Nc3 g6 3. e4 Bg7 4. g4 d6 5. h3 Nc6 6. a3 O-O 7. b4 e5 8. d5 Nd4 9.
Nf3 Nxf3+ 10. Qxf3 c6 11. dxc6 bxc6 12. Bg5 Bb7 13. h4 d5 14. h5 Qd6 15. hxg6
fxg6 16. Bd3 Nxe4 17. Qe3 Nxc3 18. Qh3 Kf7 19. Kd2 d4 20. Bh6 Rg8 21. Bxg7 Rxg7
22. Qh6 c5 23. Bc4+ Kf8 24. Rh3 Bd5 25. Bxd5 Nxd5 26. Rf3+ Nf4 27. Re1 cxb4 28.
Re4 bxa3 29. Rexf4+ exf4 30. Rxf4+ Kg8 31. Qg5 Rf8 32. Rxf8+ Kxf8 33. Qa5 Rf7
34. f4 Rxf4 35. Qxa7 Rf2+ 36. Ke1 Qg3 37. Qc5+ Kg7 38. Qxd4+ Kh6 39. g5+ Kh5 40.
Qd1+ Kh4 41. Qe2 Rxe2+ 42. Kxe2 a2 43. c4 a1=Q 44. Kd2 Qa2+ 45. Kd1 Qg1# 0-1

[Event "Challenge"]
[Site "http://www.queenalice.com/game.php?id=1079351"]
[Date "2012.7.4"]
[Round "-"]
[White "filomenos"]
[Black "Kveirov"]
[Result "1-0"]
[WhiteElo "1940"]
[BlackElo "1836"]

1. d4 Nf6 2. g3 g6 3. Bg2 Bg7 4. Nf3 d5 5. O-O O-O 6. c3 c6 7. Nbd2 Bf5 8. Nb3
Nbd7 9. Bf4 Nh5 10. Qc1 Nxf4 11. Qxf4 Re8 12. Nfd2 e5 13. dxe5 Nxe5 14. Rad1 b5
15. e4 g5 16. Qxf5 dxe4 17. Nxe4 Qe7 18. Nxg5 Ng6 19. Bxc6 Ne5 20. Bxa8 Rxa8 21.
Qxh7+ Kf8 22. Qe4 Re8 23. Qb4 Qxb4 24. cxb4 Nc4 25. Rd5 Bxb2 26. Rxb5 Bc3 27.
Rc1 Nd6 28. Rc5 Bxb4 29. Rc7 a5 30. Ra7 Bd2 31. Nxd2 1-0

[Event "Challenge"]
[Site "http://www.queenalice.com/game.php?id=1079366"]
[Date "2012.7.4"]
[Round "-"]
[White "Kveirov"]
[Black "filomenos"]
[Result "1-0"]
[WhiteElo "1824"]
[BlackElo "1952"]

1. e4 d5 2. e5 g6 3. d4 Bg7 4. f4 Bf5 5. c4 c6 6. Nc3 dxc4 7. Bxc4 Nd7 8. Nf3
Bg4 9. h3 Bxf3 10. Qxf3 Nh6 11. Bd2 Nf5 12. Qf2 Nb6 13. Bd3 O-O 14. Ne2 Qd5 15.
Bxf5 gxf5 16. h4 e6 17. h5 h6 18. Rg1 f6 19. g4 fxg4 20. Rxg4 Qh1+ 21. Ng1 Qxh5
22. Qg2 Qf7 23. O-O-O f5 24. Rg3 Nc4 25. Bb4 Rfd8 26. Ne2 Kh7 27. Rg1 Rg8 28.
Qh2 Rad8 29. Rh3 Nb6 30. Rh1 Qg6 31. Be7 Rd7 32. Bg5 Rgd8 33. Bxh6 Kg8 34. Bxg7
Rxg7 35. Rh8+ 1-0

[Event "Challenge"]
[Site "http://www.queenalice.com/game.php?id=1079830"]
[Date "2012.7.6"]
[Round "-"]
[White "Kveirov"]
[Black "bonzinhojr"]
[Result "1-0"]
[WhiteElo "1803"]
[BlackElo "1378"]

1. e4 d5 2. e5 c5 3. c3 c4 4. b3 b5 5. a4 Nc6 6. Nf3 e6 7. axb5 Nce7 8. bxc4
dxc4 9. Bxc4 f5 10. d4 Ng6 11. Bg5 Be7 12. Bxe7 N8xe7 13. Bb3 O-O 14. O-O Bd7
15. c4 a5 16. Nc3 Qb8 17. Qc2 f4 18. Ne4 Nc8 19. Nc5 Qc7 20. Ng5 Re8 21. Qe4 h6
22. Ngxe6 Bxe6 23. Qxg6 Qe7 24. Nxe6 Qb7 25. c5 Ne7 26. Qxg7# 1-0

[Event "Let's Play Chess!"]
[Site "http://www.queenalice.com/game.php?id=1087100"]
[Date "2012.7.28"]
[Round "-"]
[White "gustavline"]
[Black "Kveirov"]
[Result "1-0"]
[WhiteElo "1881"]
[BlackElo "1843"]

1. d4 Nf6 2. Nf3 g6 3. e3 Bg7 4. Bd3 d6 5. Nbd2 Nc6 6. O-O O-O 7. c3 Bg4 8. h3
Bh5 9. Re1 e5 10. dxe5 Nxe5 11. Be2 Nfd7 12. Nxe5 Bxe2 13. Qxe2 Nxe5 14. f4 1-0

[Event "Let's Play Chess!"]
[Site "http://www.queenalice.com/game.php?id=1087382"]
[Date "2012.7.28"]
[Round "-"]
[White "Kveirov"]
[Black "positionalgenius"]
[Result "0-1"]
[WhiteElo "1829"]
[BlackElo "1986"]

1. e4 e6 2. d4 d5 3. e5 c5 4. c3 Nc6 5. Nf3 Qb6 6. Bd3 cxd4 7. cxd4 Bd7 8. Bc2
Bb4+ 9. Nc3 Nge7 10. a3 Bxc3+ 11. bxc3 Rc8 12. Rb1 Qc7 0-1